MARC details
| 000 -LEADER |
| fixed length control field |
01218nam a2200217 a 4500 |
| 008 - FIXED-LENGTH DATA ELEMENTS--GENERAL INFORMATION |
| fixed length control field |
150114s2013 ||||||||||||||||| || u |
| 020 ## - INTERNATIONAL STANDARD BOOK NUMBER |
| International Standard Book Number |
9789994461028 |
| 050 ## - LIBRARY OF CONGRESS CALL NUMBER |
| Classification number |
UNECA(02)2013/1A |
| 110 ## - MAIN ENTRY--CORPORATE NAME |
| Corporate name or jurisdiction name as entry element |
United Nations Economic Commission For Africa(UNECA) |
| 245 10 - TITLE STATEMENT |
| Title |
Harmonizing policies to transform the trading environment: assessing regional integration in Africa VI |
| Statement of responsibility, etc. |
By United Nations Economic Commission for Africa (UNECA) |
| 260 ## - PUBLICATION, DISTRIBUTION, ETC. |
| Place of publication, distribution, etc. |
Addis Ababa |
| Name of publisher, distributor, etc. |
UNITED NATIONS ECONOMIC COMMISSION FOR AFRICA(UNECA) |
| Date of publication, distribution, etc. |
2013 |
| 300 ## - PHYSICAL DESCRIPTION |
| Extent |
v, 22 pages : illustrations |
| 500 ## - GENERAL NOTE |
| General note |
Bibliography |
| 650 ## - SUBJECT ADDED ENTRY--TOPICAL TERM |
| Topical term or geographic name entry element |
FOREIGN TRADE PROMOTION--AFRICA |
| 650 #0 - SUBJECT ADDED ENTRY--TOPICAL TERM |
| Topical term or geographic name entry element |
AFRICA--ECONOMIC CONDITIONS--21ST CENTURY |
| 650 #0 - SUBJECT ADDED ENTRY--TOPICAL TERM |
| Topical term or geographic name entry element |
AFRICA--COMMERCIAL POLICY |
| 650 #0 - SUBJECT ADDED ENTRY--TOPICAL TERM |
| Topical term or geographic name entry element |
AFRICA--ECONOMIC INTEGRATION |
| 995 ## - |
| -- |
SPECIAL COLLECTIONS |
| -- |
1761 |
| -- |
CBU-MAIN LIBRARY (Kitwe) |
| -- |
UNECA(02)2013/1B |
| -- |
2 |
| -- |
AVAILABLE |
| -- |
Jan 21, 2015 |
| -- |
B1761 |
| -- |
International Publications |
| 995 ## - |
| -- |
SPECIAL COLLECTIONS |
| -- |
1760 |
| -- |
CBU-MAIN LIBRARY (Kitwe) |
| -- |
UNECA(02)2013/1A |
| -- |
1 |
| -- |
AVAILABLE |
| -- |
Jan 21, 2015 |
| -- |
B1760 |
| -- |
International Publications |
| 995 ## - |
| -- |
SPECIAL COLLECTIONS |
| -- |
2650 |
| -- |
CBU-MAIN LIBRARY (Kitwe) |
| -- |
UNECA(02)2013/1C |
| -- |
3 |
| -- |
AVAILABLE |
| -- |
Oct 19, 2016 |
| -- |
B2650 |
| -- |
International Publications |
| 999 ## - |
| -- |
76130 |
| -- |
76130 |